000 00389nam a22001097a 4500
082 _a080
100 _aहिम ,नेपोलियन
_983009
245 _aसफलता की सीढ़िया
260 _aइंडिया
_bजयको पब्लिकैशन हाउस
_c2018
650 _aव्यक्तितव निर्माण
_982698
942 _cHIN
999 _c67757
_d67757